| 000 | 00601nam a2200181 i 4500 | ||
|---|---|---|---|
| 001 | 135505 | ||
| 003 | ES-MaACL | ||
| 007 | t| | ||
| 008 | 070719s1974 sp ||||1| spa d | ||
| 020 | _a84-400-7914-1(0.comp1.) | ||
| 100 | 1 |
_aTorrente Fortuño, José Antonio. _9110853 |
|
| 245 | 1 | 0 |
_aHistoria de la Bolsa de Madrid / _cJosé Antonio Torrente Fortuño. |
| 250 | _a[1ª ed.]. | ||
| 260 |
_aMadrid : _bColegio de Agentes de Cambio y Bolsa, _c1974. |
||
| 300 |
_a3 v. : _bil. ; _c31 cm. |
||
| 710 | 2 |
_aColegio de Agentes de Cambio y Bolsa (Madrid) _92897 |
|
| 852 |
_aES-MaACL _jL-8475-7 _bR.110346 |
||
| 999 |
_c135505 _d135505 |
||